Two shall be one. (Record no. 14580)

000 -LEADER
fixed length control field 00513nam a2200181 a 4500
001 - CONTROL NUMBER
control field :::00012412$&:&@@
003 - CONTROL NUMBER IDENTIFIER
control field OkBaRHE
005 - DATE AND TIME OF LATEST TRANSACTION
control field 20000607103419.0
008 - FIXED-LENGTH DATA ELEMENTS--GENERAL INFORMATION
fixed length control field s1964 j 000 0 eng u
040 ## - CATALOGING SOURCE
Transcribing agency
100 1# - MAIN ENTRY--PERSONAL NAME
Personal name Herring, Reuben.
245 10 - TITLE STATEMENT
Title Two shall be one.
260 ## - PUBLICATION, DISTRIBUTION, ETC. (IMPRINT)
Place of publication, distribution, etc Nashville, TN., :
Name of publisher, distributor, etc Broadman Press
Date of publication, distribution, etc c1964
300 ## - PHYSICAL DESCRIPTION
Extent 126 p. ;
Dimensions 20 cm.
650 ## - SUBJECT ADDED ENTRY--TOPICAL TERM
Topical term or geographic name as entry element Marriage
942 ## - ADDED ENTRY ELEMENTS (KOHA)
Source of classification or shelving scheme
Koha item type Books
Copies
Lost status Price effective from Damaged status Date last seen Copy number Full call number Shelving location Barcode Koha item type Source of classification or shelving scheme Date acquired Not for loan Withdrawn status Permanent Location
 2010-04-14 2010-04-141HQ 728 .H4General Stacks12412Books 2010-04-14  RHEMA Bible Training College